000 00360nam a2200145Ia 4500
008 240624s9999 xx 000 0 und d
041 _aeng
082 _a332.1 ROS
100 _aROSE PETER
245 _aBANK MANAGEMENT AND FINANCIAL SERVICES
250 _a(7th ed.)
260 _c2010
_aNew Delhi
_bTata McGraw-Hill
300 _a800 : p.
365 _cRS
_b27
999 _c21216
_d21216